<?xml version="1.0" encoding="UTF-8"?>
<collection xmlns="http://www.loc.gov/MARC21/slim">
 <record>
  <leader>     na                 </leader>
  <controlfield tag="001">INLIS000000000021053</controlfield>
  <controlfield tag="005">20230515111358</controlfield>
  <datafield tag="035" ind1=" " ind2=" ">
   <subfield code="a">0010-0523000392</subfield>
  </datafield>
  <controlfield tag="007">ta</controlfield>
  <controlfield tag="008">230515                g          0 ind  </controlfield>
  <datafield tag="020" ind1=" " ind2=" ">
   <subfield code="a">978-623-228-555-2</subfield>
  </datafield>
  <datafield tag="082" ind1=" " ind2=" ">
   <subfield code="a">658.45</subfield>
  </datafield>
  <datafield tag="084" ind1=" " ind2=" ">
   <subfield code="a">658.45 NOV s</subfield>
  </datafield>
  <datafield tag="100" ind1="0" ind2=" ">
   <subfield code="a">Novi Puji Lestari</subfield>
   <subfield code="e">Pengarang</subfield>
  </datafield>
  <datafield tag="245" ind1="1" ind2=" ">
   <subfield code="a">Sistem Informasi Manajemen</subfield>
  </datafield>
  <datafield tag="250" ind1=" " ind2=" ">
   <subfield code="a">I</subfield>
  </datafield>
  <datafield tag="300" ind1=" " ind2=" ">
   <subfield code="a">x +182 halaman ;</subfield>
   <subfield code="c">24 cm</subfield>
  </datafield>
  <datafield tag="650" ind1=" " ind2="4">
   <subfield code="a">Sistem Informasi Manajemen</subfield>
  </datafield>
  <datafield tag="504" ind1=" " ind2=" ">
   <subfield code="a">179-182 halaman</subfield>
  </datafield>
  <datafield tag="505" ind1=" " ind2=" ">
   <subfield code="a">1.	Pengenalan Sistem Informasi Manajemen&#13;
2.	Dasar-Dasar Pemrosesan Komputer&#13;
3.	Komputer Dan Keunggulan Kompetitif&#13;
4.	E-Commerce Dan E-Bussiness&#13;
5.	Kantor Maya (Virtual Office)&#13;
6.	Isu Sosial Dan Etika Dalam Sistem Informasi&#13;
7.	Teknologi Informasi Platform Dan Infrastruktur&#13;
8.	Pengelolaan Sumber Daya Data&#13;
9.	Telekomunikasi, Jaringan Dan Internet&#13;
10.	Aplikasi Perusahaan Dan Integrasi Proses Business&#13;
11.	Mengembangkan Sistem Informasi&#13;
12.	Keamanan Dan Kontrol Sistem Informasi&#13;
13.	Nilai Bisnis Dan Manajemen Perubahan&#13;
14.	Mengelola Sistem Informasi Internasional</subfield>
  </datafield>
  <datafield tag="520" ind1=" " ind2=" ">
   <subfield code="a">Sistem Informasi Manajemen dalam suatu organisasi dapat dikatakan sebagai suatu sistem yang menyediakan informasi bagi semua tingkatan dalam organisasi tersebut kapan saja diperlukan. Sistem ini menyimpan, mengambil, mengubah, mengolah dan mengkomunikasikan informasi yang diterima dengan menggunakan sistem informasi atau peralatan sistem lainnya. Sistem informasi terdiri dari komponen-komponen yang disebut blok bangunan (building blok), dimana semua komponen tersebut saling berinteraksi satu dengan yang lain membentuk suatu kesatuan untuk mencapai sasaran. Sistem informasi dapat di bentuk sesuai kebutuhan organisasi masing-masing. Oleh karena itu, untuk dapat menerapkan sistem yang efektif dan efisien diperlukan perencanaan, pelaksanaan, pengaturan, dan evaluasi sesuai keinginan masing-masing organisasi.&#13;
Buku ini ditulis untuk lebih diarahkan pembahasan sistem informasi dalam berbagai fungsi organisasi,bagaimana sistem itu membantu dalam pengambilan keputusan bahkan sampai bagaimana cara perusahaan di dalam melindungi sistem informasi mereka.Mahasisa akan mampu berfikir lebih kreatif di dalam pengembangan sistem dan ide-ide kreatif di dalam pengamanan sistem dan mereka mampu mengaplikasikan sistem tersebut ke dalam organisasi mereka</subfield>
  </datafield>
  <datafield tag="264" ind1=" " ind2=" ">
   <subfield code="a">Yogyakarta :</subfield>
   <subfield code="b">Graha Ilmu,</subfield>
   <subfield code="c">2020</subfield>
  </datafield>
  <datafield tag="336" ind1=" " ind2=" ">
   <subfield code="2">rdacontent</subfield>
   <subfield code="a">teks</subfield>
  </datafield>
  <datafield tag="337" ind1=" " ind2=" ">
   <subfield code="2">rdamedia</subfield>
   <subfield code="a">tanpa perantara</subfield>
  </datafield>
  <datafield tag="338" ind1=" " ind2=" ">
   <subfield code="2">rdacarrier</subfield>
   <subfield code="a">lembar</subfield>
  </datafield>
  <datafield tag="990" ind1=" " ind2=" ">
   <subfield code="a">074546</subfield>
  </datafield>
  <datafield tag="990" ind1=" " ind2=" ">
   <subfield code="a">074544</subfield>
  </datafield>
  <datafield tag="990" ind1=" " ind2=" ">
   <subfield code="a">074545</subfield>
  </datafield>
 </record>
</collection>
